| 000 | 01023nam a2200289 a 4500 | ||
|---|---|---|---|
| 001 | 000030176 | ||
| 003 | DO-SdBNP | ||
| 005 | 20240530073935.0 | ||
| 007 | ta | ||
| 008 | 110503s2010 dr 000 0 spa d | ||
| 020 | _a9789945427950 | ||
| 040 |
_aDO-SdBNP _bspa _cBNPHU |
||
| 082 |
_aRD864.44 _bR789L _222 |
||
| 100 | 1 |
_aRosario Candelier, Bruno, _d1941- _9851 |
|
| 245 | 1 | 3 |
_aEl logos en la conciencia : _blenguajes, conceptualización y creatividad / _cBruno Rosario Candelier. |
| 260 |
_aSanto Domingo : _bAcademia Dominicana de la Lengua, _c2010. |
||
| 300 |
_a461 p. ; _c23 cm. |
||
| 490 | 1 |
_a"Por las amenas liras" _v6 |
|
| 500 | _aIncluye datos biográficos del autor en las solapas. | ||
| 590 | _aInventariado, 2021 /LP | ||
| 650 | 0 |
_aEnsayos dominicanos _965 |
|
| 650 | 4 |
_aLiteratura dominicana _xHistoria y crítica _9159 |
|
| 650 | 4 |
_aAutores dominicanos _xCrítica e interpretación _9158 |
|
| 830 | 0 |
_a"Por las amenas liras" _n6 _956888 |
|
| 910 | _aValidado. Control de calidad EMS | ||
| 942 |
_2ddc _cLBS1 |
||
| 999 |
_c29668 _d29668 |
||